• 首页
  • 本馆介绍
  • 公告通知
  • 最新文献
  • 馆藏检索
  • 电子资源
  • 读者导购
  • 参考咨询
  • 我的图书馆
  • 登录
  • 详细信息显示
  • 放入我的书架
  • 预约/预借图书
  • 作者相关作品
  • 分类相关作品
  • 丛书相关作品
  • 出版社相关作品

书目信息

  • 表格格式
  • 工作单格式
  • 卡片格式
题名:
富兰克林自传
    
 
作者: 富兰克林 著 ;黄玉珍 译
分册:  
出版信息: 北京   新世界出版社  2012.09
页数: 392页
开本: 24cm
丛书名: 名人传记
单 册:
中图分类: B712.31
科图分类:
主题词:
电子资源:
ISBN: 978-7-5104-3275-0
000 01081oam2 2200289 450
001 012012126809
005 20130426102932.32
010    @a978-7-5104-3275-0@dCNY36.80
100    @a20121122d2012 em y0chiy50 ea
101 1  @achi@ceng
102    @aCN@b110000
105    @ay z 000ya
106    @ar
200 1  @a富兰克林自传@9fu lan ke lin zi zhuan@dThe autobiography of Franklin@f(美)本杰明·富兰克林著@g黄玉珍译@zeng
210    @a北京@c新世界出版社@d2012.09
215    @a392页@d24cm
225 2  @a名人传记
330    @a本书是对富兰克林这位享有盛誉的伟人对自己一生详实的记录。他自1771年开始动笔写作自传,到1788年完成,其间断续两次,才终于成就了现在最广为流传的这个版本。
461  0 @12001 @a名人传记
510 1  @aAutobiography of Franklin@zeng
600  0 @a富兰克林@c(Franklin,Benjamin@f1706-1790)@x自传
600  0 @a富兰克林@c(Franklin,Benjamin@f1706-1790)
690    @aB712.31@v5
701  0 @c(美)@a富兰克林@9fu lan ke lin@c(Franklin, B.)@4著
702  0 @a黄玉珍@9huang yu zhen@4译
801  0 @aCN@bRENTIAN@c20121122
905    @b542111-15@dB712.31@e31@f5
    
    富兰克林自传=The autobiography of Franklin/(美)本杰明·富兰克林著/黄玉珍译.-北京:新世界出版社,2012.09
    392页;24cm.-(名人传记)
    
    
    ISBN 978-7-5104-3275-0:CNY36.80
    本书是对富兰克林这位享有盛誉的伟人对自己一生详实的记录。他自1771年开始动笔写作自传,到1788年完成,其间断续两次,才终于成就了现在最广为流传的这个版本。
●
相关链接 在E读中查询图书 在五车中查询图书 在当当中查询图书 在豆瓣中查询图书


正题名:富兰克林自传     索取号:B712.31/31         预约/预借

序号 登录号 条形码 馆藏地/架位号 状态 备注
1 542111   205421113   第一样本阅览室/ [索取号:B712.31/31] 在馆    
2 542112   205421122   第一借阅区/ [索取号:B712.31/31] 在馆    
3 542113   205421131   第一借阅区/ [索取号:B712.31/31] 在馆    
4 542114   205421140   第一借阅区/ [索取号:B712.31/31] 在馆    
5 542115   205421159   第一借阅区/ [索取号:B712.31/31] 在馆    
唐山师范学院图书馆 欢迎您!
大连网信软件有限公司© 版权所有